Nature conservation in Western New South Wales /

Saved in:
Bibliographic Details
Corporate Author: National Parks Association of New South Wales
Format: Book
Language:English
Published: Sydney : The Association, [1990].
Subjects:
LEADER 01022cam a2200253 a 4500
001 c000271637
003 CARM
005 20070911105621.0
008 920911s1990 at ab 000 0 eng d
019 1 |a 10833082  |5 LACONCORD2021 
035 |a (OCoLC)221590838  |5 LACONCORD2021 
040 |a NCLN  |b eng  |c NCLN  |d ABN-SNR 
042 |a anuc 
082 0 4 |a 333.78/16/099449  |2 20 
245 0 0 |a Nature conservation in Western New South Wales /  |c National Parks Association of New South Wales. 
260 |a Sydney :  |b The Association,  |c [1990]. 
300 |a 65 p. :  |b ill., maps ;  |c 30 cm. 
500 |a A collection of articles from the National Parks journal. 
500 |a Cover title. 
650 0 |a Nature conservation  |z New South Wales. 
710 2 |a National Parks Association of New South Wales 
852 8 |b CARM  |h A1:AN25D0  |i F02669  |p 0392410  |f BK 
999 f f |i 7d2411b5-e211-5f2f-aac9-34695b18085e  |s 7489b9c7-fdc9-5f4e-9a06-a2949ff45fef 
952 f f |p Can circulate  |a CAVAL  |b CAVAL  |c CAVAL  |d CARM 1 Store  |e F02669  |f A1:AN25D0  |h Other scheme  |i book  |m 0392410